000 00351nam a2200133Ia 4500
008 240624s9999 xx 000 0 und d
041 _aeng
082 _a954 FIS
100 _aFISHER MICHAEL H
245 _aINORDINATELY STRANGE LIFE OF DYCE SOMBRE
260 _c2010
_aNew Delhi
_bC Hurst & Co. (publishers) Ltd.
300 _a400 : p.
365 _cRS
999 _c17143
_d17143